| 000 | 00810nam a2200217Ia 4500 | ||
|---|---|---|---|
| 003 | GCL | ||
| 008 | 140319s9999 xx 000 0 ara d | ||
| 020 | _a5694213977 | ||
| 040 |
_aGCL / _cGCL |
||
| 082 | 0 | 4 |
_a332.024 _bهـ ن |
| 100 | 1 | _aهالوواى، ريتشارد | |
| 245 | 1 | 0 |
_aنحو الاعتماد على الذات ماليا : _bتعبئة الموارد المحلية من اجل التنمية / _cهالوواى، ريتشارد |
| 260 |
_aالقاهرة : _bالهيئة القبطية الانجيلية للخدمات الاجتماعية ، _c2004 |
||
| 300 |
_a297 ص ؛ _c24 سم |
||
| 650 | 0 | 4 | _aالاستثمار |
| 650 | 0 | 4 | _aالقروض |
| 650 | 0 | 4 | _aالتمويل |
| 650 | 0 | 4 | _aالموارد المالية |
| 650 | 0 | 4 | _aالتمويل الذاتى |
| 942 |
_2ddc _cBK |
||
| 999 |
_c34793 _d34793 |
||